00818nam a2200253 i 450000100060000000300090000600500170001500700030003200800410003502000180007608000170009410000180011124501440012925000300027326000410030330000220034449000220036665000440038870000230043270000220045570000320047783000220050985200330053177575ES-MaACL20230906173300.0t|041021s2001 sp ||||1| spa d a84-95359-19-7 a821.14-21.091 aLesky, Albin.13aLa tragedia griega / cAlbin Lesky ; presentación de Jaume Páortulas ; traducción de Juan Godó Costa revisada por Montserrat Camps. a1ª ed. en el Acantilado. aBarcelona : bEl Acantilado, c2001. a406 p. ; c22 cm.1 aAcantilado ; v4514aTragedia griega-xHistoria y crítica.1 aPòrtulas, Jaume.1 aGodo Costa, Juan.1 aCamps, Montserrat (d1944-)0 aAcantilado ; v45 aES-MaACLjL-28335 bR.134254